000 00697nam a22002417a 4500
003 CHAP
005 20220329134552.0
008 971013s r 00010 d
010 _a22336
011 _a23308
035 _a27404
040 _cCHAP
090 _aR-967
100 0 0 _aAtlas de Gotuzzo, Esther.
_98257
245 _aCancrosis de los cĂ­tricos
500 _aSobretiro de: Revista de Investigaciones Agropecuarias, INTA, Ser. 4(5):69-81, 1967
590 _aBATCH-UPD
_b10
_c20130110
_lUCH01
_h2115
590 _aCONVERSION
_b10
_c20130109
_lUCH01
_h1313
650 1 4 _aXanthomonas citri.
_9122886
901 _aBK
942 _cREIMP
949 _aR-967
_bBC
_cR
_d-63580
_eTS1
_i27404
_si
999 _c22336
_d22336